Cours de Chimie (Registro nro. 300639)

Detalles MARC
000 -ENCABEZADO
Número de control [NR] 02500nam a22002777a 4500
005 - FECHA Y HORA DE LA ÚLTIMA TRANSACCIÓN
control field 20150821113910.0
008 - DE LONGITUD FIJA DE DATOS DE ELEMENTOS - INFORMACIÓN GENERAL
Elementos de longitud fija [NR] 150729s1927 fr ||||fr|||| 001 0 spa d
040 ## - FUENTE DE CATALOGACION [NR]
Quien Cataloga Sandra Yazo
Quien Clasifica Sandra Yazo
041 1# - CODIGO DE IDIOMA [R]
Código de idioma para texto/pista de sonido o título separado [R] Francés
082 10 - NUMERO DE CLASIFICACION DECIMAL DEWEY [R]
Número de la edición [NR] 20
Número de clasificación [R] 546
092 ## - SIGNATURA TOPOGRAFICA LOCAL
Número de clasificación local E36N059
100 1# - ASIENTO PRINCIPAL--NOMBRE PERSONAL [NR]
Nombre personal [NR] Boll, Marcel
ID Autoridad 70437
242 00 - TRADUCCION DEL TITULO POR LA AGENCIA CATALOGADORA [R]
Título [NR] Curso de Química
Mención de responsabilidad, etc. [NR] Marcelo Boll
Nombre de la parte o sección [R] I. Leyes Generales. Metaloides
-- II. Metales y cationes
245 10 - MENCION DE TITULO [NR]
Título [NR] Cours de Chimie
Mención de responsabilidad, etc. [NR] par Marcel Boll
Nombre de la parte/sección de la obra [R] I. Lois générales; Métalloïdes
-- II. Métaux et Cations
250 ## - MENCION DE EDICION [NR]
Mención de edición [NR] Troisième édition [Tercera edición]
Resto de la mención de edición [NR] refondue, mise à jour et réajustée aux nouveaux programmes d’admission aux Grandes Écoles [revisada, actualizada y adaptada a los nuevos programas de admisión en las Escuelas Superiores]
260 ## - PUBLICACION, DISTRIBUCION, ETC. (PIE DE IMPRENTA) [R]
Lugar de publicación, distribución, etc. [R] París [Francia]
Nombre del editor, distribuidor, etc. [R] Dunod
-- Etablissements Busson [Establecimientos Busson]
Fecha de publicación, distribución, etc. [R] 1927
300 ## - DESCRIPCION FISICA [R]
Extensión [R] 2 volúmenes (xiv, 571 ; xxiii, 400 páginas)
Dimensiones [R] 22 x 15 cm.
500 ## - NOTA GENERAL [R]
Nota general [NR] Detalles físicos: Encuadernación rígida (holandesa) en cartón forrado en papel. Lomo de tela con adornos en dorado. Guardas. Anteportada. Portada impresa en una sola tinta. Texto impreso en una sola columna, con diferentes tipos y tamaños de letra. Párrafos numerados. Notas de pie de página. Imágenes, tablas, fórmulas y gráficos entre el texto. Tapas con raspaduras, dobleces y residuos de cinta pegante
505 2# - NOTA DE CONTENIDO CON FORMATO PREESTABLECIDO [R]
Nota de contenido con formato preestablecido [NR] V.1: Bibliografía recomendada ; Prefacio ; Mezcla y separación mecánica ; Fases ; El agua: análisis inmediato ; Análisis y síntesis del agua ; Análisis elemental: cuerpo simple ; La composición de los cuerpos puros: los elementos ; Bases de la atomística ; Primeras aplicaciones de la atomística en química ; El calor de reacción ; Disociación del agua; ley de acción de masa ; Rapidez de la reacción: catálisis -- V.2 : Bibliografía recomendada ; Introducción ; Sistema periódico de los elementos ; Volúmenes atómicos y propiedades elásticas de los metales ; Propiedades térmicas y cambio de estado ; Propiedades electromagnéticas de los metales ; Propiedades plásticas ; Propiedades de los metales martillados ; Aleaciones metálicas y sus propiedades ; Metalurgia ; Reacciones químicas de los metales ; Propiedades generales de las soluciones salinas
506 ## - NOTA DE RESTRICCIONES DE ACCESO [R]
Condiciones de acceso [NR] Consulta en sala
546 ## - NOTA DE IDIOMA [R]
Nota de idioma [NR] Texto en francés
650 #7 - ASIENTO SECUNDARIO DE MATERIA - TERMINO TEMATICO [R]
9 (RLIN) 22996
Término temático o nombre geográfico como elemento de entrada [NR] Química inorgánica
690 ## - ASUNTO AGREGADO LOCAL DE ENTRADA - TÉRMINO TEMÁTICO (OCLC, RLIN)
9 (RLIN) 42755
Acceso temático local Ciencias naturales
700 1# - ASIENTO SECUNDARIO - NOMBRE PERSONAL [R]
Nombre personal [NR] Allard, Georges
9 (RLIN) 70929
942 ## - ELEMENTOS DE ENTRADA AGREGADOS (KOHA)
Sistema de clasificación LOCAL
Tipo de ítem principal el descrito en 300a Libro
Edición 3
Clasificación E36N059
Existencias
Suprimido Perdido Sistema de clasificación Dañado No prestable Tipo de ítem específico Ubicación habitual Ubicación actual Localización Fecha de creación Forma de adquisición Costo Volúmen / Fascículo Total préstamos Signatura topográfica Código de barras Última vez visto Ejemplar Price effective from Tipo de ítem
    LOCAL     Libro archivo Archivo Histórico Archivo Histórico Archivo histórico 29/07/2015 Donación 0.00 V.1   E36N059 L005014 29/07/2015 Ej.1 29/07/2015 Libro
    LOCAL     Libro archivo Archivo Histórico Archivo Histórico Archivo histórico 29/07/2015 Donación 0.00 V.2   E36N059 L005015 29/07/2015 Ej.1 29/07/2015 Libro